Real and complex analysis

Αποθηκεύτηκε σε:
Λεπτομέρειες βιβλιογραφικής εγγραφής
Κύριος συγγραφέας: Rudin, Walter, 1921-2010
Μορφή: Βιβλίο
Γλώσσα:English
Δημοσίευση: New York : McGraw-Hill, c1987
Έκδοση:3rd ed.
Θέματα:
Ετικέτες: Προσθήκη ετικέτας
Δεν υπάρχουν, Καταχωρήστε ετικέτα πρώτοι!

MARC

LEADER 00000nam a2200000 i 4500
001 1/58596
008 941103s1987 eng d
020 |a 0071002766 
020 |a 0070542341 
035 |l 10045937 
040 |a GR-MY-UA  |b gre  |e aacr 
041 0 |a eng 
082 0 |a 515  |2 (19) 
100 1 |a Rudin, Walter,   |d 1921-2010. 
245 1 0 |a Real and complex analysis /  |c Walter Rudin 
246 3 3 |a Real & complex analysis 
250 |a 3rd ed. 
260 |a New York :   |b McGraw-Hill,   |c c1987 
300 |a xiv, 416 p.;  |c 24 cm 
500 |a Cover title: Real & complex analysis 
500 |a Includes index 
500 |a Bibliography: p. 405-406 
650 0 0 |a Mathematical analysis. 
852 |a INST  |b SAMOS  |e 19941103  |h 515 RUD  |p 005300003193  |q 005300003193  |t BK  |y 0 
852 |a INST  |b SAMOS  |e 19980611  |h 515 RUD  |p 005300011253  |q 005300011253  |t BK  |y 0 
852 |a INST  |b SAMOS  |e 19980611  |h 515 RUD  |p 005300011294  |q 005300011294  |t BK  |y 0 
852 |a INST  |b SAMOS  |e 19980520  |h 515 RUD  |p 005300011431  |q 005300011431  |t BK  |y 0 
852 |a INST  |b SAMOS  |e 19980520  |h 515 RUD  |p 005300011432  |q 005300011432  |t BK  |y 0 
852 |a INST  |b SAMOS  |e 19941103  |h 515 RUD  |p 005300014017  |q 005300014017  |t BK  |y 12 
901 |a BIBL-1998-2 
909 |a Σ  |b 056100 
909 |a Σ  |b 056101 
909 |a Σ  |b 027004 
909 |a Σ  |b 008391 
909 |a Σ  |b 056904 
909 |a Σ  |b 056905 
922 |a 3ΕΛΗ  |b 199805  |c ΚΠΣ  |d ΠΑΠΑΣΩΤΗΡΙΟΥ